Proceso de acercamiento del sistema de información de usos y saberes locales Yoscua, con grupos locales seleccionados del altiplano cundi-boyacense, mediante el apoyo conceptual para el diseño de un aplicativo amigable, el ajuste de la información disponible, la validación del aplicativo con grupos locales, la capacitación para la utilización de la herramienta y la identificación de los aspectos claves para su sostenibilidad referida a los usuarios actuales y potenciales (Registro nro. 6583)

Detalles MARC
000 -CABECERA
Campo de control 01678nam a2200265 a 4500
005 - FECHA Y HORA DE LA ULTIMA TRANSACCION
Campo de control 20180803165403.0
008 - ELEMENTOS DE LONGITUD FIJA—INFORMACION GENERAL
Campo de control 140128b2007 ck ||||| |||| 00| 0 spa d
040 ## - FUENTE DE CATALOGACIÓN
Agencia transcriptora CO-BoIH
041 ## - IDIOMA
Código de idioma para texto/pista de sonido o título separado Español
090 ## - CLASIFICACIÓN LOCAL
Colección IAVH
Consecutivo 00924
100 ## - ASIENTO PRINCIPAL--NOMBRE PERSONAL
Nombre personal Caro Díaz, Angela
245 ## - MENCION DE TITULO
Título Proceso de acercamiento del sistema de información de usos y saberes locales Yoscua, con grupos locales seleccionados del altiplano cundi-boyacense, mediante el apoyo conceptual para el diseño de un aplicativo amigable, el ajuste de la información disponible, la validación del aplicativo con grupos locales, la capacitación para la utilización de la herramienta y la identificación de los aspectos claves para su sostenibilidad referida a los usuarios actuales y potenciales
Parte restante del título informe final
260 ## - PUBLICACION, DISTRIBUCION, ETC. (PIE DE IMPRENTA)
Lugar de publicación, distribución, etc. Bogotá
Nombre del editor, distribuidor, etc. Instituto Alexander von Humboldt
Fecha de publicación, distribución, etc. 2007
300 ## - DESCRIPCION FISICA
Extensión 178 p.
520 ## - NOTA DE RESUMEN, ETC.
Nota de resumen Proyecto Yoscua. Proceso de acercamiento del sistema de información de usos y aberes locales Yoscua, con grupos locales seleccionados del altiplano cundi-boyacense,mediante el apoyo conceptual para el diseño de un aplicativo amigable, el ajuste de la información disponible, la validación del aplicativo con grupos locales, la capacitación para la utilización de la herramienta y la identificación de los aspectos claves para su sostenibilidad referida a los usuarios actuales
650 ## - ASIENTO SECUNDARIO DE MATERIA - TERMINO TEMATICO
Término temático o nombre geográfico como elemento de entrada Yoscua
650 ## - ASIENTO SECUNDARIO DE MATERIA - TERMINO TEMATICO
Término temático o nombre geográfico como elemento de entrada Capacitación
650 ## - ASIENTO SECUNDARIO DE MATERIA - TERMINO TEMATICO
Término temático o nombre geográfico como elemento de entrada Retroalimentación
650 ## - ASIENTO SECUNDARIO DE MATERIA - TERMINO TEMATICO
Término temático o nombre geográfico como elemento de entrada Saberes locales
650 ## - ASIENTO SECUNDARIO DE MATERIA - TERMINO TEMATICO
Término temático o nombre geográfico como elemento de entrada Biodiversidad
650 ## - ASIENTO SECUNDARIO DE MATERIA - TERMINO TEMATICO
Término temático o nombre geográfico como elemento de entrada Investigación participativa
650 ## - ASIENTO SECUNDARIO DE MATERIA - TERMINO TEMATICO
Término temático o nombre geográfico como elemento de entrada Región andina
942 ## - ELEMENTOS ADICIONALES (KOHA)
Tipo de ítem Informe Técnico
Sistema de clasificación Local
Koha issues (borrowed), all copies 12
945 ## - PROCESAMIENTO LOCAL
AAAA-MM-DD - Fecha de ingreso o modificacion 2008-09-15
Existencias
Withdrawn status Lost status Sistema de Clasificación Damaged status No para préstamo Colección Inventariado Ubicación Permanente Ubicación actual Fecha de adquisición Total Checkouts Total Renewals Número topográfico Inventario / Código de Barras Date last seen Date checked out Ejemplar Price effective from Tipo de material
    Local     Humboldt Inventariado 2017 Bogotá Bogotá 15/09/2008 5 2 IAVH-00924 027818 09/08/2024 26/08/2019 Ej. 1 04/12/2012 Informe Técnico